000 00530nam a2200169 i 4500
001 87164
003 ES-MaACL
005 20230906175617.0
007 t|
008 041220s1960 sp ||||1| spa d
100 1 _aKoenigswald, G. H. R. von.
_968446
245 1 4 _aLos hombres prehistóricos /
_cG.H.R. von Koenigswald ; traducción por Miguel Fusté.
260 _aBarcelona :
_bOmega,
_c[1960]
300 _a206 p., 19 lám. :
_bil. ;
_c22 cm.
700 1 _aFusté Ara, Miguel.
_9150522
852 _aES-MaACL
_jC-19213
_bR.47172
999 _c87164
_d87164